LEADER 01163nam a2200241 u 4500 001 000000016143 003 CaOOAMICUS 005 20070226105947.0 008 940805s1791 it u000 u ita u 035 $a10378383 040 $aPUL(R)$bita 100 1 $aCuccagni, Luigi.$0(OLS)http://pul/name/14720 245 10$aDel matrimonio cristiano e della divina immediata potestà della Chiesa d'apporre ad esso gl'impedimenti che diconsi dirimenti /$cbreve trattato dell'abate Luigi Cuccagni .. 260 $aRoma :$bpresso Giovanni Zempel,$c1791. 300 $aviii, 95 p. ;$c22 cm 650 4$aMatrimonio (diritto canonico).$0(OLS)http://pul/subject/475 850 $aPUL 852 $aPUL$W1$xDP1 Antico 700$y26$m152 E 13$j22747$nBK-PRI$b $qStampati Antico$B22747$CPULBib$Z2$F22747 $H $81 941 1 $a15 960 $aDiritto matrimoniale canonico$9475 961 $aINV: 1651 996 $6245$aDel matrimonio cristiano e della divina immediata potestà della Chiesa d'apporre ad esso gl'impedimenti che diconsi dirimenti$9(OLS)http://pul/title/23051 996 $6260$aRoma :$bpresso Giovanni Zempel$9(OLS)http://pul/publisher/54950 LEADER 01220nam a2200301 u 4500 001 000000055539 003 CaOOAMICUS 005 20070226115809.0 008 010205s1966 it u000 u ita u 035 $a10867074 040 $aPUL(R)$bita 041 1 $aita$hfre 245 03$aLa chiesa e il mondo /$cRégis Claude Gerest ... [et al.]. 260 $aRoma :$bAVE,$cc1966. 300 $a178 p. ;$c19 cm 490 1 $aAve. Minima ;$v22 500 $aTit. Orig.: L'Eglise et le monde. 504 $aBibliografia a piè pagina. 650 4$aChiesa e società.$0(OLS)http://pul/subject/2506 700 1 $aGerest, Regis,$cO.P.,$dn. 1921.$0(OLS)http://pul/name/39042 830 0$aMinima (A.V.E.) ;$v22.$0(OLS)http://pul/title/9083 850 $aPUL 852 $aPUL$W1$xCollocazioni Temporanee$y24$mGP2 A VI.12$j72998$nBK-PRI$b $qStampati$B72998$CPULBib$Z2$F72998 $H $81 852 $aPUL$W1$xDP1 Fondo Pastorale$y55$mP6 B 44$j72999$nBK-PRI$b $qFondi$B72999$CPULBib$Z2$F72999 $H $81 941 1 $a8 941 1 $a1 996 $6245$aLa chiesa e il mondo$9(OLS)http://pul/title/74341 996 $6260$aRoma :$bAVE$9(OLS)http://pul/publisher/47909